000
00249nam a22001097a 4500
008
140219t xxu||||| |||| 00| 0 eng d
020
_a
81-7003-229-6
100
_a
A W Joshi
_9
751
245
_a
A world-view of physics
300
_a
435
942
_2
ddc
_c
BK
999
_c
17008
_d
17008